| 000 | 02143cam a2200541 4500 | ||
|---|---|---|---|
| 001 | 21618 | ||
| 003 | VRT | ||
| 005 | 20260306143104.0 | ||
| 008 | 200104s2018 xo a br 000 j slo | ||
| 015 | _aSNBA2018/06 | ||
| 020 |
_a9788010027774 _q(viazané) |
||
| 035 | _aurn:nbn:sk:snk-am00d3ps | ||
| 035 | _aurn:nbn:sk:snk-am3hkmy | ||
| 035 | _a92E8C127-52DF-47BC-8002-F46C61129D0B | ||
| 039 | 9 |
_a202008111523 _bAUTHORITY _c202001041258 _dVLOAD _c201807171501 _dmsnk21 _c201806141250 _dmpppk18 |
|
| 040 |
_aSVKBB _bslo _cSVKBB _dPPPK _dSNK _erda |
||
| 041 | 1 |
_aslo _hpol |
|
| 044 |
_axo _cSK |
||
| 072 | 7 |
_a821.162.1 _xPoľská literatúra _2konspekt |
|
| 080 |
_a821.162.1-34 _22011 |
||
| 080 |
_a82-93-053.2 _22011 |
||
| 100 | 1 |
_aDuszyńska, Julia, _d1896-1948 _4aut |
|
| 240 | 1 | 0 |
_aCudaczek-Wyśmiewaczek _lSlovensky |
| 245 | 1 | 0 |
_aNezbedný Posmievajko, _bktorého všetky (ne)poslušné deti dobre poznajú... _cJulia Duszyńska ; ilustrovala Božena Plocháňová ; preklad Jozef Brandobur |
| 250 | _a2. vydanie | ||
| 264 | 1 |
_aBratislava _bSlovenské pedagogické nakladateľstvo - Mladé letá _c2018 |
|
| 300 |
_a63 strán _bilustrácie _c24 cm |
||
| 336 |
_atext _btxt _2rdacontent |
||
| 336 |
_astatický obraz _bsti _2rdacontent |
||
| 337 |
_abez média _bn _2rdamedia |
||
| 338 |
_azväzok _bnc _2rdacarrier |
||
| 500 | _aPreložené z poľštiny | ||
| 521 | 8 | _aPre čitateľov od 7 rokov | |
| 655 | 7 |
_apoľské rozprávky _2SNKPH |
|
| 655 | 7 |
_aPolish fairy tales _2SNKPHeng |
|
| 655 | 7 |
_apublikácie pre deti _2SNKPH |
|
| 655 | 7 |
_aChildren's literature _2SNKPHeng |
|
| 700 | 1 |
_aPlocháňová, Božena, _d1929-2020 _4ill |
|
| 700 | 1 |
_aBrandobur, Jozef, _d1908-1976 _4trl |
|
| 942 |
_2ddc _cKLDE _n0 |
||
| 949 |
_617A1331824 _asnkSC 179794 _bsnk2018/12288 _o1325/18 _s6100:20180720 |
||
| 949 |
_617A1331825 _asnkSC 179794 D1 _bsnk2018/12289 _o1325/18 |
||
| 949 |
_6270001000589586 _asvkbbB 58344 _bsvkbbm 776560 |
||
| 949 |
_62889339694 _asavukPV 26318 _bsavuk2018/2309 |
||
| 949 |
_63870A25580 _abinIL 1419 _bbin25580 |
||
| 949 |
_6273K0634508 _asvkpoB 105120 _bsvkpo627832 |
||
| 999 |
_c21618 _d21618 |
||